Fußball 2023/24 - Das Quiz - Statistiken

Allgemein
  • Dieses Quiz wurde 188 mal gespielt
  • Das Durchschnittsergebnis liegt bei 23 aus 48
Antwortstatistiken
Ereignis % Korrekt
{Lionel Messi} gewinnt seinen achten Ballon d'or
88%
Oktober AC Mailand Stürmer {Olivier Giroud} muss nach einer roten Karte gegen Mike Maignan kurzzeitig ins Tor
86%
{Real Madrid} gewinnt LaLiga
78%
Januar Der "Kaiser" {Franz Beckenbauer} stirbt
77%
Dortmund Legende {Marco Reus} verkündet, dass er den Verein am Ende der Saison verlassen wird
77%
September Weltmeister {Paul Pogba} wird wegen verdacht auf Doping gesperrt
77%
{Borussia Dortmund} wirft Paris St. Germain aus der Champions League und steht im Finale
75%
Mai {Bayer Leverkusen} bleibt als erster Verein eine ganze Saison lang ungeschlagen
73%
Der Engländer {Jadon Sancho} wechselt per Leihe zurück zu Borussia Dortmund
73%
{St Pauli} gewinnt die 2.Bundesliga
73%
{Florian Wirtz} erzielt nach nur 8 Sekunden einen Treffer gegen Frankreich
70%
Dortmund Verteidiger {Niklas Süle} wehrt in der Champions League überragend einen Schuss von Kylian Mbappe ab
69%
{Ethan Mbappe} debütiert an der Seite seines Bruders für Paris St. Germain
65%
Luis Suarez wechselt von {Gremio} in die USA zu {Inter Miami}
61%
Neymars Jugendclub {FC Santos} steigt erstmals in der Vereinsgeschichte ab
60%
Der FC Bayern zerlegt {Darmstadt} mit 8 Toren in einer Halbzeit
59%
{Mainz 05} entlässt Anwar El Ghazi aufgrund eines Pro Palästina posts auf Social Media
59%
{Gavi} holt sich einen Kreuzbandriss und verpasst daraufhin die EM mit Spanien
56%
{Jude Bellingham} gewinnt den Golden Boy Award
56%
Newcastle Profi {Sandro Tonali} wird für 10 Monate gesperrt
56%
Der Profifußball in der Türkei muss pausieren aufgrund einer Attacke gegen einen {Schiedsrichter}
54%
Der Vater von Liverpool Star {Luis Diaz} wird in seinem Heimatland von Entführern gerettet
54%
{Jürgen Klopp} verlässt nach 8 Jahren als Trainer seinen Verein
52%
{Manchester United} wird überraschend letzter ihrer Champions League Gruppe
51%
April {Atalanta} wirft den FC Liverpool aus der Europa League
49%
Der 19 Jährige {Alexandar Pavlovic} erziehlt sein erstes Bundesliga Tor für den FC Bayern
49%
{Liverpool} gewinnt dem Carabao Cup
49%
Dezember Die Partie FC Bayern gegen {Union Berlin} wird wegen starkem Schneefall abgesagt
48%
Die Elfenbeinküste wird dank des Siegtreffers von {Sebastian Haller} Afcon Sieger
44%
Die englische Fußballegende {Sir Bobby Charlton} stirbt im alter von 86 Jahren
44%
{Atletic Bilbao} gewinnt den Copa del Rey
37%
{Pepe} wird zum ältesten Champions League Torschützem der Geschichte
35%
{Alejandro Garnacho} erzielt ein Fallrückziehertor in der Premier League
34%
{Emiliano Martinez} gewinnt die Yashin Trophäe
32%
{Arne Slot} wird den oben gemeinten Trainer beerben
30%
März Im Spiel Real Madrid gegen {Valencia} pfeift der Schiedsrichter die Partie zu früh ab, was Real Madrid den Sieg kostet
30%
November Ex Real Madrid Star Marcelo gewinnt den Copa Libertadores mit Jugendclub {Fluminense}
27%
AC Mailand Fans werfen bei einem CL Spiel Geldscheine bedruckt mit dem Gesicht von {Gianluigi Donnaruma} aufs Spielfeld
23%
{Palmeiras} wird Brasilianischer Meister
20%
Katar gewinnt das Asia-Cup Finale gegen {Jordanien}
18%
Real Madrid gewinnt den {Supercopa}
15%
{Juventus} gewinnt mit dem Nationalen Pokal den ersten Titel in 3 Jahren
14%
Trainer Legende {Sir Alex Ferguson} wird lebenslanges Mitglied bei Eintracht Frankfurt
14%
City Spieler {Jeremy Doku} tritt im Spiel Alexis MacAllister um - und bekommt keine Karte dafür
13%
Februar {Arturo Vidal} wird in Südamerika spektakulär für die Rückkehr zu seinem Jugendclub gefeiert
12%
{Eden Hazard} gibt mit nur 31 Jahren sein Karriereende bekannt
10%
Beim Spiel West Ham - Newcastle will {Mohammed Kudus} einen Torjubel mit einem Stuhl machen, aber ein Newcastle Balljunge rückt den Stuhl nicht raus
9%
Olympique Lyon Trainer {Fabio Grosso} wird bei einem Angriff auf den Manschaftsbus schwer verletzt
4%
Keine übereinstimmenden Quizze gefunden
Verteilung der Resultate
Anzahl Personen mit jedem Resultat
Perzentil nach korrekt beantworteten Fragen
Ihre Resultats-Entwicklung
Sie haben dieses Quiz noch nicht gespielt